[Event "Addis Ababa zt 4.4"]
[Site "Addis Ababa"]
[Date "2022.05.07"]
[Round "8"]
[White "Akmel, Nesru Beshir"]
[Black "Abel Mathewos, Tilahun"]
[Result "1-0"]
[WhiteElo "1991"]
[BlackElo "1951"]
[PlyCount "37"]
[EventDate "2022.05.02"]
[EventType "swiss"]
[EventRounds "9"]
[EventCountry "ETH"]
[SourceTitle "CBM 208 Extra"]
[Source "ChessBase"]
[SourceDate "2022.07.31"]
[SourceVersion "1"]
[SourceVersionDate "2022.07.31"]
[SourceQuality "1"]

1. e4 e6 2. d4 d5 3. Nc3 dxe4 4. Nxe4 Nd7 5. c4 Ngf6 6. Nc3 Be7 7. Bd3 b6 8. Qf3 Rb8 9. Nge2 Bb7 10. Qh3 c5 11. Bf4 Ra8 12. Nb5 0-0 13. Bc7 Qc8 14. Bd6 Bxd6 15. Nxd6 Qc7 16. Nxb7 Qxb7 17. 0-0 Rad8 18. Rad1 cxd4 19. Nxd4 1-0

[Event "Addis Ababa zt 4.4"]
[Site "Addis Ababa"]
[Date "2022.05.04"]
[Round "4"]
[White "Akmel, Nesru Beshir"]
[Black "Yousuf Omer, Mahamed"]
[Result "1/2-1/2"]
[WhiteElo "1991"]
[BlackElo "1970"]
[PlyCount "97"]
[EventDate "2022.05.02"]
[EventType "swiss"]
[EventRounds "9"]
[EventCountry "ETH"]
[SourceTitle "CBM 208 Extra"]
[Source "ChessBase"]
[SourceDate "2022.07.31"]
[SourceVersion "1"]
[SourceVersionDate "2022.07.31"]
[SourceQuality "1"]

1. e4 e5 2. Nf3 Nf6 3. Nc3 Nc6 4. d4 exd4 5. Nxd4 Nxd4 6. Qxd4 d6 7. Bg5 Be7 8. 0-0-0 0-0 9. f4 Bg4 10. Re1 c5 11. Qd2 h6 12. Bh4 Qa5 13. Bf2 Be6 14. a3 Rfd8 15. Nb5 Qxd2+ 16. Kxd2 a6 17. Nc7 Rac8 18. Nxe6 fxe6 19. c4 b5 20. cxb5 axb5 21. Bxb5 d5 22. exd5 Nxd5 23. Kc2 Nxf4 24. g3 Nh3 25. Rxe6 Bf6 26. Be3 Ng5 27. Rc6 Rxc6 28. Bxc6 Ne6 29. Ba4 Kh7 30. Kb1 Rb8 31. Bc2+ g6 32. b3 Nd4 33. Bxd4 Bxd4 34. Rd1 Kg7 35. Ka2 Kf6 36. b4 Bc3 37. Rd6+ Ke5 38. Rxg6 cxb4 39. Kb3 Bd2 40. a4 Rc8 41. Kb2 Rc3 42. Bb3 Bc1+ 43. Ka2 Be3 44. Re6+ Kf5 45. Re8 Bg1 46. a5 Bxh2 47. Rb8 Rc5 48. g4+ Kg5 49. Rxb4 1/2-1/2